000 01033nam a2200277 i 4500
001 000029833
003 DO-SdBNP
005 20240625134611.0
007 ta
008 110426s1955 dr c 000 0 spa d
040 _aDO-SdBNP
_bspa
_cBNPHU
_erda
082 4 _a327.1097293
_bD542p
_222
100 1 _a Díaz Ordóñez, Virgilio
_d1895-1968
_984972
_eautor
245 1 0 _aPolítica exterior de Trujillo /
_cEnrique de Marchena Dujarric
264 _aCiudad Trujillo, República Dominicana :
_bSecretaría de Estado de Relaciones Exteriores y Culto,
_c1955.
300 _a17 páginas :
_bilustraciones , retratos ;
_c23 cm.
336 _atexto
_btxt
_2rdacontent
337 _asin mediación
_bn
_2rdamedia
338 _avolumen
_bnc
_2rdacarrier
500 _aAño del benefactor de la Patria
590 _aInventariado, 2024/MFF
600 1 4 _aTrujillo Molina, Rafael Leónidas,
_d1891-1961.
_984971
651 4 _aRepública Dominicana
_xRelaciones exteriores
_92258
910 _aValidado. Control de calidad MFF
942 _2ddc
_cLF2
999 _c29325
_d29325